[Event "4th ch-Mediterranean"]
[Site "Cannes FRA"]
[Date "2007.02.18"]
[Round "2"]
[White "Bogut,Z"]
[Black "Peric,Sl"]
[Result "1-0"]
[WhiteElo "2437"]
[BlackElo "2306"]

1.c4 e5 2.g3 Nf6 3.Bg2 Nc6 4.d3 Bb4+ 5.Nd2 a5 6.Nf3 d6 7.O-O O-O 8.b3 h6
9.Bb2 Bc5 10.e3 Ba7 11.a3 Bf5 12.Qc2 Qd7 13.Bc3 Rfe8 14.b4 axb4 15.axb4 Bb6
16.b5 Rxa1 17.Rxa1 Nd8 18.Ra8 Bh7 19.Ne1 c6 20.bxc6 bxc6 21.Qa4 Bf5 22.Qa6 Qc7
23.Nb3 Nd7 24.Ba5 Bxa5 25.Qxa5 Qxa5 26.Nxa5 Kf8 27.Nxc6 Ne6 28.Rxe8+ Kxe8
29.Kf1 Nec5 30.Ke2 e4 31.d4 Nb7 32.Kd2 Nb6 33.Kc3 d5 34.c5 Na8 35.Bf1 Nc7
36.Kb4 Bd7 37.Nb8 Bc8 38.Nc2 f5 39.c6 Nd6 40.Kc5 Ke7 41.Nb4 Be6 42.N8a6 Nde8
43.Nxc7 Nxc7 44.Na6 Ne8 45.Bb5 g5 46.c7 Nf6 47.Nb4 f4 48.Bc6 f3 49.Nxd5+  1-0

[Event "ch-St Petersburg sf"]
[Site "St Petersburg RUS"]
[Date "2007.02.18"]
[Round "9"]
[White "Vunder,Y"]
[Black "Nikitinyh,B"]
[Result "0-1"]
[WhiteElo "2242"]
[BlackElo "2266"]

1.c4 e5 2.g3 Nc6 3.Bg2 d6 4.Nc3 g6 5.e3 Bg7 6.Nge2 Nge7 7.O-O h5 8.d4 h4
9.d5 Nb8 10.e4 Nd7 11.f4 hxg3 12.hxg3 Nf6 13.fxe5 Ng4 14.e6 fxe6 15.Bf3 exd5
16.Nf4 Ne5 17.exd5 Nf5 18.Qe1 Qe7 19.Be4 Bd7 20.Ne6 Bxe6 21.dxe6 c6 22.Qf2 Ng4
23.Qe1 Bd4+ 24.Kg2 Rh2+ 25.Kf3 Ne5+ 26.Kf4 Qf6 27.Bb1 Nxg3+ 28.Kxg3 Qh4+  0-1

[Event "14th Belisce Metalis Open"]
[Site "Bizovac CRO"]
[Date "2007.02.23"]
[Round "3"]
[White "Berkes,F"]
[Black "Feletar,D"]
[Result "1-0"]
[WhiteElo "2591"]
[BlackElo "2390"]

1.c4 e5 2.g3 Nc6 3.Bg2 f5 4.Nc3 Nf6 5.d3 Bb4 6.Bd2 d6 7.Nf3 O-O 8.O-O a6
9.Nd5 Bxd2 10.Nxd2 Ne7 11.Nxf6+ Rxf6 12.e3 c6 13.Qb3 c5 14.Rae1 Rb8 15.f4 Bd7
16.Qc3 Qc7 17.b4 cxb4 18.Qxb4 Bc6 19.Rb1 Bxg2 20.Kxg2 Nc6 21.Qb6 Qe7 22.Rf2 Rf7
23.Nf3 Rf6 24.d4 h6 25.d5 Nd8 26.fxe5 dxe5 27.Qb4 Qe8 28.c5 Rc8 29.Rc1 Rc7
30.Qb3 Kh8 31.Qb2 Re7 32.Nh4 Qf7 33.e4 fxe4 34.Rxf6 gxf6 35.Nf5 Rd7 36.c6 bxc6
37.dxc6 Rc7 38.Qb8 Qxa2+ 39.Kh3 Qf7 40.Qxd8+ Kh7 41.Rd1 Qh5+ 42.Kg2 Qf3+
43.Kg1 Rg7 44.Rf1 Qc3 45.Qxf6  1-0

[Event "Mediterranean Flower WGM"]
[Site "Rijeka CRO"]
[Date "2007.03.04"]
[Round "2"]
[White "Franciskovic,B"]
[Black "Golubenko,Valen"]
[Result "1/2-1/2"]
[WhiteElo "2189"]
[BlackElo "2261"]

1.c4 e5 2.g3 g6 3.Bg2 Bg7 4.Nc3 Nc6 5.d3 d6 6.e3 Be6 7.Rb1 Qd7 8.b4 Nge7
9.b5 Nd8 10.Nd5 O-O 11.a4 Nc8 12.h3 c6 13.bxc6 bxc6 14.Nc3 f5 15.Nge2 Ne7
16.O-O f4 17.exf4 Bxh3 18.fxe5 dxe5 19.Ba3 Bxg2 20.Kxg2 Ne6 21.Bxe7 Qxe7
22.Ne4 Rad8 23.Rb3 Qf7 24.f3 h5 25.Qb1 Rd7 26.Rb8 Rxb8 27.Qxb8+ Rd8 28.Qb3 g5
29.a5 h4 30.a6 hxg3 31.Qb7 Rxd3 32.Qc8+ Rd8 33.Qxc6 Nf4+ 34.Nxf4 exf4 35.Rb1 g4
36.fxg4 Be5 37.Ng5 Rd2+ 38.Kf3 Rd3+ 39.Kg2 Rd2+ 40.Kf3 Rf2+ 41.Ke4 Re2+ 42.Kf3 Re3+
43.Kg2 Re2+  1/2-1/2

[Event "TCh-BEL 2006-7"]
[Site "Belgium BEL"]
[Date "2007.03.11"]
[Round "10"]
[White "Cekro,E"]
[Black "De Jonghe,B"]
[Result "1-0"]
[WhiteElo "2402"]
[BlackElo "2232"]

1.c4 e5 2.g3 Nc6 3.Bg2 g6 4.Nc3 Bg7 5.d3 d6 6.e3 Nge7 7.Nge2 O-O 8.O-O Be6
9.Nd5 Qd7 10.Nec3 Nd8 11.e4 c6 12.Nxe7+ Qxe7 13.Be3 f5 14.Qd2 fxe4 15.Nxe4 Nf7
16.Rae1 Rfe8 17.Nc3 Qd7 18.b3 Bh3 19.d4 Bxg2 20.Kxg2 exd4 21.Bxd4 Ng5 22.Qxg5 Bxd4
23.Nd5 Kg7 24.Nf4 Qf7 25.Rd1 c5 26.Rde1 Re5 27.Rxe5 dxe5 28.Nd5 Re8 29.Qg4 b5
30.Qe4 b4 31.f3 Re6 32.f4 Ra6 33.Kh3 h5 34.f5 g5 35.g4 Rxa2 36.f6+ Kh6 37.Ne7 hxg4+
38.Kg3 Ra3 39.Kg2 Kh5 40.Qa8 Ra2+ 41.Kh1 Qxf6 42.Qe8+ Kh4 43.Nf5+  1-0

[Event "TCh-BEL 2006-7"]
[Site "Belgium BEL"]
[Date "2007.03.11"]
[Round "10"]
[White "Gillain,N"]
[Black "Terrieux,K"]
[Result "0-1"]
[WhiteElo "2065"]
[BlackElo "2332"]

1.c4 e5 2.g3 Nf6 3.Bg2 d5 4.cxd5 Nxd5 5.Nf3 Nc6 6.O-O Be7 7.Nc3 Nb6 8.d3 O-O
9.a4 a5 10.Be3 Be6 11.Ne4 Nd4 12.Bxd4 exd4 13.Rc1 c6 14.Nc5 Bxc5 15.Rxc5 Nd7
16.Rc1 Qb6 17.Nd2 Qxb2 18.Rb1 Qa3 19.Rxb7 Nc5 20.Rc7 Nxa4 21.Bxc6 Nc3 22.Nb1 Qd6
23.Nxc3 Qxc7 24.Bxa8 dxc3 25.Be4 f5 26.Bf3 c2 27.Qd2 Rb8 28.Qe3 Bf7 29.Kg2 Rb1  0-1

[Event "39th WGM"]
[Site "Belgrade/Lazarevac SRB"]
[Date "2007.03.11"]
[Round "7"]
[White "Cherenkova,K"]
[Black "Stojanovic,An"]
[Result "1/2-1/2"]
[WhiteElo "2239"]
[BlackElo "2223"]

1.c4 e5 2.g3 c6 3.d4 exd4 4.Qxd4 d5 5.cxd5 cxd5 6.Bg2 Be6 7.Nf3 Nc6 8.Qa4 Bc5
9.O-O Ne7 10.Nc3 f6 11.Qb5 Bb6 12.Na4 O-O 13.Rd1 Nc8 14.Nxb6 Qxb6 15.Qxb6 Nxb6
16.b3 Rfe8 17.Be3 Bf7 18.Kf1 Nc8 19.Rac1 N8e7 20.Nd4 a6 21.Nxc6 bxc6 22.Bh3 Red8
23.Bc5 Nc8 24.Rc3 g6 25.f3 Be8 26.Kf2 Kf7 27.e3 f5 28.Bf1 Nd6 29.Bxd6 Rxd6
30.Rc5 Bd7 31.Ra5 Bc8 32.Rd4 Rd7 33.Rc5 Bb7 34.Ra4 Ke7 35.Rca5 Bc8 36.b4 Rda7
37.Ke1 Kd6 38.Kd2 Bb7 39.Ra3 Kc7 40.Kc3 Kb6 41.Kd4 Re8 42.Rc5 Raa8 43.Rac3 Re7
44.Bd3 Rae8 45.Bc2 Rf8 46.Ba4 Rf6 47.h4 h6 48.Rc1 g5 49.hxg5 hxg5 50.Rh1 g4
51.Bd1 gxf3 52.Bxf3 Rg6 53.Rh5 Rxg3 54.Rxf5 Rg1 55.Rc3 Rb1 56.a3 a5 57.bxa5+ Kxa5  1/2-1/2

[Event "39th WGM"]
[Site "Belgrade/Lazarevac SRB"]
[Date "2007.03.12"]
[Round "8"]
[White "Chelushkina,I"]
[Black "Stojanovic,An"]
[Result "1-0"]
[WhiteElo "2338"]
[BlackElo "2223"]

1.g3 e5 2.c4 Nc6 3.Bg2 Bc5 4.Nc3 a6 5.e3 Nge7 6.Nge2 d6 7.d4 exd4 8.Nxd4 Ne5
9.O-O O-O 10.b3 Rb8 11.h3 Bd7 12.Bb2 Qc8 13.Kh2 b5 14.Nd5 Nxd5 15.cxd5 f6
16.f4 Nf7 17.e4 a5 18.Rc1 a4 19.Qd2 a3 20.Ba1 b4 21.Rfe1 Qe8 22.Nf3 Nh6 23.Bd4 Bxd4
24.Nxd4 Rb7 25.Ne6 Bxe6 26.dxe6 Qxe6 27.e5 Rb5 28.Bc6 Rfb8 29.exf6 Qxf6 30.Bxb5 Rxb5
31.Rxc7 Rb8 32.Qd5+ Kf8 33.Qc4 Nf5 34.Rc8+ Rxc8 35.Qxc8+  1-0

[Event "60th ch-RUS sf Urals"]
[Site "Nizhnij Tagil RUS"]
[Date "2007.03.14"]
[Round "1"]
[White "Obukhov,A"]
[Black "Sufiev,R"]
[Result "1-0"]
[WhiteElo "2445"]
[BlackElo "2163"]

1.c4 e5 2.g3 Nf6 3.Bg2 Nc6 4.Nf3 Bc5 5.O-O d6 6.e3 Bg4 7.h3 Bxf3 8.Bxf3 e4
9.Bg2 O-O 10.Nc3 Qd7 11.g4 Qe6 12.g5 Nd7 13.Qg4 Qxg4 14.hxg4 Nde5 15.Nxe4 Bb6
16.d4 Nxc4 17.b3 N4a5 18.Bd2 Ne7 19.Nc3 c6 20.Na4 d5 21.Rac1 Rfe8 22.Nb2 Bd8
23.b4 Nc4 24.Nxc4 dxc4 25.Rxc4 Nc8 26.Rxc6 Bxg5 27.Rc7 Nd6 28.Rfc1 Rad8 29.f4 Bh4
30.Bxb7 g5 31.Bc6 Re6 32.f5 Rh6 33.Rxa7 Bg3 34.Bf3 Rh2 35.Be1  1-0

[Event "ch-POL w"]
[Site "Barlinek POL"]
[Date "2007.03.17"]
[Round "10"]
[White "Rajlich,I"]
[Black "Kulon,K"]
[Result "1-0"]
[WhiteElo "2428"]
[BlackElo "2173"]

1.c4 e5 2.g3 Nf6 3.Bg2 d5 4.cxd5 Nxd5 5.Nc3 Be6 6.Nf3 Nc6 7.O-O Nb6 8.Rb1 f5
9.d3 Be7 10.a3 Bf6 11.Bd2 a5 12.Na4 e4 13.Ne1 Nd4 14.Nc5 Ba2 15.e3 Bxb1 16.Qxb1 Nb5
17.Qc2 Nd6 18.Ne6 Qc8 19.Nxc7+ Ke7 20.dxe4 Rb8 21.Bxa5 Nbc4 22.Nd5+ Kf7 23.Bc7 Ra8
24.Qe2 Ra6 25.exf5 Rc6 26.Bxd6 Rxd6 27.Nxf6 gxf6 28.Nf3 b5 29.Nd4 Qc5 30.Qh5+ Kg7
31.Qg4+ Kf7 32.Ne6 Rxe6 33.fxe6+ Kf8 34.Rd1 Nd6 35.e7+ Kxe7 36.Bd5 Rf8 37.Qe6+ Kd8
38.Bf3  1-0

[Event "31st Conference"]
[Site "Blackpool ENG"]
[Date "2007.03.17"]
[Round "2"]
[White "Costello,C"]
[Black "Kulik,D"]
[Result "1/2-1/2"]
[WhiteElo "2021"]
[BlackElo "2172"]

1.c4 e5 2.g3 Nf6 3.Bg2 c6 4.d4 e4 5.Nc3 d5 6.Bg5 Bb4 7.Qb3 Bxc3+ 8.bxc3 Nbd7
9.f3 exf3 10.Nxf3 h6 11.Bf4 O-O 12.O-O dxc4 13.Qxc4 Nb6 14.Qd3 Be6 15.Ne5 Nfd7
16.Nf3 Bc4 17.Qc2 Qe7 18.Rfe1 f5 19.e4 fxe4 20.Rxe4 Qf7 21.Rae1 Rfe8 22.Ne5 Nxe5
23.Bxe5 Qg6 24.Qd1 Be6 25.Bf1 Bf5 26.R4e3 Nd5 27.Bc4 Kh7 28.Rf3 Kh8 29.Qd2 Qh5
30.Rxf5 Qxf5 31.Qxh6+ Qh7 32.Qd2 Kg8 33.Bd3 Qh6 34.Qc2 Rf8 35.Re4 Rf3 36.Bc4 Raf8
37.Bf4 R8xf4 38.Rxf4 Rxf4 39.gxf4 Qxf4 40.Qe2 Qc1+ 41.Kf2 Qf4+ 42.Kg2 Qg5+
43.Kf2 Kf8 44.Bxd5 cxd5 45.Qb2 Qf4+ 46.Kg2 Qg4+ 47.Kf2 Qf4+ 48.Kg2 Qg4+  1/2-1/2

[Event "60th ch-RUS sf Urals"]
[Site "Nizhnij Tagil RUS"]
[Date "2007.03.20"]
[Round "7"]
[White "Obukhov,A"]
[Black "Kabanov,N"]
[Result "0-1"]
[WhiteElo "2445"]
[BlackElo "2526"]

1.c4 e5 2.g3 Nf6 3.Bg2 c6 4.d4 exd4 5.Qxd4 d5 6.Nf3 Be7 7.cxd5 Qxd5 8.Nc3 Qh5
9.h3 O-O 10.Qa4 Nbd7 11.Be3 Nc5 12.Qc2 Qf5 13.Qxf5 Bxf5 14.g4 Bc8 15.Nd4 g6
16.O-O-O Ne6 17.Nb3 Nd7 18.Ne4 Nb6 19.Bh6 Re8 20.Nd6 Rd8 21.Nxc8 Raxc8 22.h4 Rxd1+
23.Kxd1 Nc4 24.Bc1 a5 25.e3 a4 26.Nd2 Ne5 27.g5 Rd8 28.Ke2 Ng7 29.Be4 f5
30.Bc2 b5 31.Nf3 Nxf3 32.Kxf3 Ne6 33.Ke2 c5 34.Rd1 Rxd1 35.Bxd1 h6 36.f4 hxg5
37.hxg5 c4 38.Bd2 Kf7 39.Bc2 Bf8 40.b3 cxb3 41.axb3 a3 42.Bb1 Nc5 43.Ba2 Ne4
44.b4+ Ke8 45.Be1 Bg7 46.Kd3 Ke7 47.Kc2 Nd6 48.Bd5 Nc4 49.Bc6 a2  0-1

[Event "Rector Cup m"]
[Site "Kharkiv UKR"]
[Date "2007.03.22"]
[Round "6"]
[White "Isajevsky,A"]
[Black "Ivanov,AA"]
[Result "1-0"]
[WhiteElo "2464"]
[BlackElo "2357"]

1.c4 e5 2.g3 g6 3.Bg2 Bg7 4.Nc3 Nc6 5.e3 d6 6.Nge2 Nge7 7.O-O O-O 8.d3 Be6
9.Nd5 Qd7 10.Rb1 Nd8 11.b4 Nxd5 12.cxd5 Bh3 13.e4 Bxg2 14.Kxg2 c6 15.Nc3 f5
16.f3 Nf7 17.Qb3 h5 18.Bd2 Kh7 19.dxc6 bxc6 20.b5 Bh6 21.Bxh6 Kxh6 22.bxc6 Qxc6
23.exf5 Nh8 24.fxg6 Nxg6 25.Qc4 Rac8 26.Qxc6 Rxc6 27.Nd5 Rfc8 28.Rf2 Rc2
29.Ne3 Rxf2+ 30.Kxf2 Rc6 31.Rb4 Kg5 32.Ra4 a6 33.h4+ Kf6 34.Rc4 Rxc4 35.dxc4 Nf8
36.Nd5+ Kf5 37.Nc7 a5 38.Ne8 Ke6 39.Ng7+ Kf7 40.Nxh5 Nd7 41.Ke3 Nb6 42.Kd3 Na4
43.g4 Nc5+ 44.Ke3 Na4 45.Kd2 Nb2 46.Kc3 Na4+ 47.Kc2 Nb6 48.Kd3 d5 49.cxd5 Nxd5
50.a3 Nc7 51.Ng3 Nb5 52.a4 Nd4 53.Ke3 Ne6 54.Ne4 Nf4 55.h5 Nd5+ 56.Kf2 Nb6
57.Nc3 Kf6 58.Ke3 Ke6 59.Ke4 Nd7 60.Kd3 Nb6 61.Ke3 Nc4+ 62.Kf2 Nb2 63.Kg3 Nd3
64.g5 Ne1 65.Kg4 Nc2 66.g6  1-0

[Event "18th Pobeskydi Arcimpex"]
[Site "Frydek Mistek CZE"]
[Date "2007.04.06"]
[Round "4"]
[White "Plischki,S"]
[Black "Krejci,Jan2"]
[Result "1-0"]
[WhiteElo "2379"]
[BlackElo "2193"]

1.c4 e5 2.g3 Nf6 3.Bg2 c6 4.d4 exd4 5.Qxd4 d5 6.cxd5 cxd5 7.Nf3 Nc6 8.Qd1 Be7
9.O-O O-O 10.Be3 Ne4 11.Nc3 Nxc3 12.bxc3 Bf5 13.Nd4 Bg6 14.Qb3 Na5 15.Qxd5 Qxd5
16.Bxd5 Rfd8 17.Bg2 Rac8 18.Nb5 Bc5 19.Bxc5 Rxc5 20.Rfd1 Re8 21.Nd6 Rxe2
22.Nxb7 Nxb7 23.Bxb7 h6 24.c4 Be4 25.Kf1 Bxb7 26.Kxe2 Rxc4 27.Rd8+ Kh7 28.Rd7  1-0

[Event "9th Open"]
[Site "Foxwoods USA"]
[Date "2007.04.07"]
[Round "7"]
[White "Enhbat,T"]
[Black "Friedel,J"]
[Result "0-1"]
[WhiteElo "2379"]
[BlackElo "2474"]

1.c4 e5 2.g3 Nf6 3.Bg2 Nc6 4.Nc3 Bc5 5.Nf3 d6 6.O-O O-O 7.d3 h6 8.a3 a5 9.Rb1 Be6
10.b3 d5 11.cxd5 Nxd5 12.Ne4 Be7 13.Bb2 f5 14.Ned2 Bf6 15.Nc4 e4 16.dxe4 fxe4
17.Nfe5 Nxe5 18.Nxe5 Bxe5 19.Bxe5 Qg5 20.Bd4 Qg6 21.Qc1 Nf4 22.Qe3 Nxg2 23.Kxg2 Qh5
24.Rfc1 c6 25.Kh1 Bd5 26.g4 Qg6 27.Qg3 Rxf2 28.Bxf2 e3+ 29.Kg1 Qe4 30.Qf3 exf2+
31.Kf1 Qe7 32.Qd3 Rf8 33.Rc3 Qe5  0-1

[Event "ch-Catalonia"]
[Site "Barcelona ESP"]
[Date "2007.04.08"]
[Round "8"]
[White "Margalef Kriesten,J"]
[Black "Matamoros Sibira,J"]
[Result "1-0"]
[WhiteElo "1979"]
[BlackElo "1874"]

1.c4 e5 2.g3 Nc6 3.Bg2 d6 4.Nc3 g6 5.Nf3 Bg7 6.O-O Bd7 7.e3 Qc8 8.d4 Bh3
9.d5 Bxg2 10.Kxg2 Nce7 11.e4 Nf6 12.b4 O-O 13.Bb2 a6 14.c5 Qd7 15.Re1 h6
16.Na4 Rad8 17.Rc1 Qb5 18.a3 a5 19.Nc3 Qa6 20.b5 Qa7 21.Na4 Rc8 22.b6 cxb6
23.cxd6 Rxc1 24.Qxc1 Nexd5 25.exd5 Nxd5 26.Bxe5 Bxe5 27.Rxe5 Nf6 28.Qc7 Qa6
29.d7 Qd3 30.Nxb6  1-0

[Event "18th Pobeskydi Chance Cup"]
[Site "Frydek Mistek CZE"]
[Date "2007.04.08"]
[Round "8"]
[White "Daniel,Ji"]
[Black "Rakay,K"]
[Result "1/2-1/2"]
[WhiteElo "2055"]
[BlackElo "2115"]

1.c4 e5 2.g3 Nc6 3.Bg2 g6 4.b3 Be7 5.Bb2 Nf6 6.e3 d6 7.Ne2 Bf5 8.d3 Qd7 9.h4 O-O
10.Nbc3 Rae8 11.e4 Be6 12.Qd2 a6 13.f3 h5 14.O-O-O b5 15.Nd5  1/2-1/2

[Event "Reykjavik International"]
[Site "Reykjavik ISL"]
[Date "2007.04.12"]
[Round "2"]
[White "Edvardsson,K"]
[Black "Thorgeirsson,S"]
[Result "1/2-1/2"]
[WhiteElo "2252"]
[BlackElo "2029"]

1.c4 e5 2.g3 Nc6 3.Bg2 g6 4.Nc3 Bg7 5.e3 d6 6.Nge2 Bg4 7.h3 Be6 8.Qa4 Qd7
9.Nd5 Nge7 10.O-O O-O 11.Kh2 Rab8 12.d3 a6 13.e4 h6 14.Bxh6 Nxd5 15.exd5 Bxh6
16.dxc6 bxc6 17.Bxc6 Qc8 18.b4 Bxh3 19.Rh1 Qf5 20.Kg1 Bd2 21.Be4 Qg4 22.b5 axb5
23.Qc2 Ba5 24.Rh2 Kg7 25.Kh1 Rh8 26.cxb5 Bb6 27.Ng1 Rh6 28.Bf3 Qe6 29.Nxh3 Rxh3
30.Bg2 Rxh2+ 31.Kxh2 Qg4 32.Rh1 Rh8+ 33.Kg1 Qxg3 34.Rxh8 Kxh8 35.a4 Qf4 36.Qa2 Ba5
37.Qd5 Kg7 38.Qe4 Qc1+ 39.Bf1 Qe1 40.Kg2 Qd2 41.Be2 Qg5+ 42.Qg4 Qxg4+ 43.Bxg4 f5
44.Bf3 Kf6 45.Bd5 g5 46.f3 g4 47.fxg4 fxg4 48.Kg3 Kg5 49.Be6 Be1+ 50.Kg2 Kf4
51.Kf1 Ba5 52.Kf2 Bb6+ 53.Kg2 Ba5 54.Bf7 Ke3 55.Bg6 Kf4  1/2-1/2

[Event "Open"]
[Site "Halkidiki GRE"]
[Date "2007.04.29"]
[Round "2"]
[White "Solak,D"]
[Black "Ali,Gh"]
[Result "1-0"]
[WhiteElo "2575"]
[BlackElo "2220"]

1.c4 e5 2.g3 Nf6 3.Bg2 d5 4.cxd5 Nxd5 5.Nc3 Nxc3 6.bxc3 Bc5 7.Qa4+ c6 8.Nf3 Qe7
9.O-O e4 10.Nd4 f5 11.d3 exd3 12.exd3 O-O 13.Bf4 Bxd4 14.Qxd4 Qd7 15.Bd6 Rd8
16.Rfe1 Na6 17.Re5  1-0

[Event "TCh-RUS HL"]
[Site "Sochi RUS"]
[Date "2007.05.03"]
[Round "1"]
[White "Askarov,M"]
[Black "Vitinik,M"]
[Result "1-0"]
[WhiteElo "2561"]
[BlackElo "2363"]

1.c4 e5 2.g3 Nf6 3.Bg2 d5 4.cxd5 Nxd5 5.Nc3 Nb6 6.Nf3 Nc6 7.a3 Be7 8.b4 Be6
9.d3 O-O 10.O-O Nd4 11.Bb2 Nxf3+ 12.Bxf3 c6 13.Rc1 a6 14.Ne4 Nd7 15.Nc3 Nb6
16.Bg2 f6 17.Ne4 Bd5 18.Bh3 Bxe4 19.dxe4 Qxd1 20.Rfxd1 Rfd8 21.f4 Bd6 22.Rd3 exf4
23.Rcd1 Bc7 24.Be6+ Kf8 25.Rxd8+ Rxd8 26.Rxd8+ Bxd8 27.gxf4 Bc7 28.e3 Ke7
29.Bb3 Nd7 30.Bg8 h6 31.Kg2 a5 32.bxa5 Bxa5 33.Kf3 b5 34.e5 fxe5 35.fxe5 Bc7
36.Kf4 g6 37.Bb3 Nc5 38.Bc2 Ne6+ 39.Kg4 Kf7 40.Kf3 Ng5+ 41.Ke2 Ne6 42.Be4 Nd8
43.h4 Ke6 44.Bxg6 Nf7 45.e4 Nxe5 46.Bf5+ Kd6 47.h5 Bd8 48.Bc1 Nf7 49.Bf4+ Kc5
50.Bg6 Ng5 51.Kd3 Bf6 52.e5 Be7 53.Be4 Kb6 54.Bf5 Kc5 55.Be4 Kb6 56.Bc1 Kc7
57.Bg6 c5 58.Be8 Kb6 59.Bd7 Bd8 60.Ke3 Be7  1-0

[Event "Open"]
[Site "Halkidiki GRE"]
[Date "2007.05.04"]
[Round "8"]
[White "Solak,D"]
[Black "Cawdery,D"]
[Result "1/2-1/2"]
[WhiteElo "2575"]
[BlackElo "2255"]

1.c4 e5 2.g3 Nf6 3.Bg2 d5 4.cxd5 Nxd5 5.Nc3 Nb6 6.Nf3 Nc6 7.O-O Be7 8.a4 a5
9.d3 Be6 10.Be3 Nd5 11.Nxd5 Bxd5 12.Rc1 O-O 13.Bc5 Re8 14.Qc2 Qd7 15.Bxe7 Rxe7
16.Rfe1 Nb4 17.Qd1 Bc6 18.b3 Rd8 19.Rc4 Bd5 20.Rh4 f6 21.Nd2 Bxg2 22.Kxg2 Qd5+
23.Kg1 f5 24.Rc4 c5 25.Qc1 b6 26.g4 e4 27.gxf5 exd3 28.e4 Qd6 29.Re3 Nc2
30.Rg3 Qf4 31.Qd1 Nb4 32.Rg4 Qh6 33.f4 Nc2 34.Qf3 Qf6 35.Rg3 Qb2 36.Qd1 Qf6
37.Nf1 Red7 38.Qd2 Rd4 39.Qc3 Nb4 40.Rxd4 Rxd4 41.Nd2 Qh6 42.Rf3 Qh4 43.Qc1 Qg4+
44.Kf2 Qh4+ 45.Kg1 Qg4+ 46.Kf2 Qh4+ 47.Kg1 Qg4+  1/2-1/2

[Event "25th Liechtenstein Open"]
[Site "Triesen LIE"]
[Date "2007.05.15"]
[Round "5"]
[White "Foisor,C"]
[Black "Peng Zhaoqin"]
[Result "1/2-1/2"]
[WhiteElo "2384"]
[BlackElo "2439"]

1.c4 e5 2.g3 Nc6 3.Bg2 Nf6 4.Nc3 Bc5 5.a3 d6 6.e3 a5 7.Nge2 O-O 8.d3 Ba7
9.O-O Be6 10.Nd5 Ne8 11.Bd2 Qd7 12.b4 f5 13.b5 Nd8 14.Rb1 Nf6 15.Nec3 Kh8
16.a4 Bc5 17.Bc1 c6 18.bxc6 bxc6 19.Nb6 Bxb6 20.Rxb6 Qc7 21.Rb1 Nf7 22.Ba3 Rfb8
23.Qe2 h6 24.f4 Re8 25.h3 Rad8 26.Rfc1 Rb8 27.Rxb8 Rxb8 28.Rb1 Rxb1+ 29.Nxb1 Qb6
30.Nd2 c5 31.Qd1 Bd7 32.Qb3 Qxb3 33.Nxb3 Bxa4 34.Nxa5 Bc2  1/2-1/2

[Event "25th Liechtenstein Open"]
[Site "Triesen LIE"]
[Date "2007.05.15"]
[Round "5"]
[White "Benes,Pe1"]
[Black "Matocha,P"]
[Result "1-0"]
[WhiteElo "2153"]
[BlackElo "2012"]

1.g3 e5 2.c4 Nf6 3.Bg2 Nc6 4.Nc3 d6 5.e3 g6 6.d4 exd4 7.exd4 Qe7+ 8.Nge2 Bg7
9.O-O O-O 10.Bg5 h6 11.Nd5 Qd8 12.Nxf6+ Bxf6 13.Bxh6 Re8 14.Qd2 Ne7 15.Bg5 Nf5
16.Bxf6 Qxf6 17.Rad1 Kg7 18.Nc3 c6 19.Ne4 Qd8 20.Rfe1 Rh8 21.b4 f6 22.d5 cxd5
23.Qxd5 Bd7  1-0

[Event "25th Liechtenstein Open"]
[Site "Triesen LIE"]
[Date "2007.05.16"]
[Round "6"]
[White "Foisor,O"]
[Black "Pavlovic,Milos"]
[Result "1-0"]
[WhiteElo "2427"]
[BlackElo "2534"]

1.c4 e5 2.g3 Nc6 3.Bg2 g6 4.Nc3 Bg7 5.Rb1 a5 6.a3 Nf6 7.b4 axb4 8.axb4 O-O
9.d3 d6 10.Bg5 h6 11.Bxf6 Bxf6 12.Nf3 Bg7 13.O-O Ne7 14.Qc2 Be6 15.Nd2 c6
16.c5 Nf5 17.cxd6 Nd4 18.Qb2 Qxd6 19.Nde4 Qe7 20.e3 Nb3 21.Nc5 Nxc5 22.bxc5 Rfb8
23.Ne4 Bd5 24.Qb6 Ra6 25.Qxa6 bxa6 26.Rxb8+ Kh7 27.Nd6 Qa7 28.Rb6 e4 29.Bxe4 Bxe4
30.dxe4 a5 31.e5 Bxe5 32.Rb7 Qxc5 33.Nxf7 Bg7 34.Rd1 g5 35.Nd8 Kg6 36.Rxg7+ Kh5
37.Rd4 a4 38.Rh4+  1-0

[Event "XXII Felix Cup"]
[Site "Felix Spa ROM"]
[Date "2007.05.25"]
[Round "1"]
[White "Stanciu,Al"]
[Black "Vajda,Al1"]
[Result "0-1"]
[WhiteElo "1994"]
[BlackElo "2459"]

1.c4 e5 2.g3 Bc5 3.Bg2 d6 4.Nc3 a6 5.e3 Ba7 6.Nge2 Nf6 7.O-O O-O 8.h3 Nc6
9.Kh2 Re8 10.d3 Be6 11.e4 Rb8 12.a4 Nd4 13.f4 c6 14.f5 Bc8 15.g4 Nxe2 16.Qxe2 Nd7
17.g5 Bd4 18.Qh5 Nf8 19.f6 g6 20.Qh6 Ne6 21.h4 Kh8 22.h5 Rg8 23.hxg6 Rxg6
24.Qh4 Qg8 25.Bf3 Rxg5 26.Bxg5 Qxg5 27.Qxg5 Nxg5 28.Rae1 Bh3 29.Bg2 Bg4 30.Ne2 Bxb2
31.Ng3 Ba3 32.Rb1 Bc5 33.Rb3 a5 34.Nf5 Ne6 35.Nh6 Bh5 36.Rfb1 Bb4 37.Nf5 Nc5
38.R3b2 Nxd3 39.Rc2 Bg6 40.Ng3 Nc5 41.Ra2 d5 42.cxd5 cxd5 43.Re1 d4 44.Rc2 b6  0-1

[Event "XXII Felix Cup"]
[Site "Felix Spa ROM"]
[Date "2007.05.29"]
[Round "7"]
[White "Grecescu,G"]
[Black "Vajda,Al1"]
[Result "1/2-1/2"]
[WhiteElo "2348"]
[BlackElo "2459"]

1.c4 e5 2.g3 Nc6 3.Bg2 g6 4.Nc3 Bg7 5.d3 Nf6 6.e4 O-O 7.Nge2 d6 8.O-O a6
9.h3 b5 10.Be3 Rb8 11.Qd2 Nd7 12.Nd5 Nd4 13.cxb5 Rxb5 14.Bxd4 exd4 15.Rac1 c5
16.b4 a5 17.bxc5 Rxc5 18.Qb2 Ba6 19.Qa3 Bb7 20.Nef4 Bh6 21.Rb1 Bc6 22.h4 Ne5
23.Rb3 Bg7  1/2-1/2

[Event "Doroshkevich Mem"]
[Site "Belorechensk RUS"]
[Date "2007.06.03"]
[Round "6"]
[White "Kondenko,A"]
[Black "Aslakhanov,T"]
[Result "1-0"]
[WhiteElo "2283"]
[BlackElo "2066"]

1.c4 e5 2.g3 Nf6 3.Bg2 Nc6 4.Nc3 Bc5 5.a3 a5 6.e3 O-O 7.Nge2 Re8 8.d3 d6
9.h3 Bf5 10.g4 Bg6 11.Ng3 Qd7 12.g5 e4 13.d4 Nh5 14.Nxh5 Bxh5 15.Qxh5 Bxd4
16.exd4 Nxd4 17.Be3 Nc2+ 18.Kd2 Nxa1 19.Rxa1 b5 20.Bxe4 Rxe4 21.Nxe4 bxc4
22.Nf6+ gxf6 23.gxf6 Kh8 24.Rg1 c3+ 25.bxc3 Qe6 26.Qg5 Qa2+ 27.Kd3  1-0

[Event "Doroshkevich Mem"]
[Site "Belorechensk RUS"]
[Date "2007.06.04"]
[Round "7"]
[White "Piven,V"]
[Black "Mandrikin,I"]
[Result "0-1"]
[WhiteElo "2138"]
[BlackElo "2322"]

1.c4 e5 2.g3 f5 3.Nc3 Nf6 4.Bg2 Nc6 5.e4 Bc5 6.d3 O-O 7.Nge2 Ng4 8.O-O f4
9.d4 fxg3 10.hxg3 exd4 11.Na4 d6 12.Nf4 Nce5 13.f3 Nf6 14.Bd2 c6 15.b4 Bb6
16.c5 Bc7 17.Qb3+ Kh8 18.Nd3 Nxd3 19.Qxd3 dxc5 20.f4 c4 21.Qxc4 b5  0-1

[Event "XV Lasker Mem Open A"]
[Site "Barlinek POL"]
[Date "2007.06.07"]
[Round "7"]
[White "Shaw,Ten"]
[Black "Fernandez,D SIN"]
[Result "0-1"]
[WhiteElo "2164"]
[BlackElo "1975"]

1.c4 e5 2.g3 Bc5 3.Bg2 Nc6 4.Nc3 d6 5.a3 a5 6.e3 Nf6 7.Nge2 O-O 8.d4 Bb6
9.O-O Bf5 10.h3 h5 11.Nd5 Nxd5 12.cxd5 Ne7 13.dxe5 dxe5 14.e4 Bg6 15.h4 Qd6
16.Nc3 Rad8 17.Qe2 c6 18.Be3 cxd5 19.Bxb6 Qxb6 20.exd5 f6 21.Kh2 Bf7 22.Rad1 Rd7
23.Rd2 Rfd8 24.Rfd1 Rd6 25.Nb5 R6d7 26.d6 Nf5 27.Bh3 g6 28.a4 Kg7 29.Qf3 Qc6
30.Qa3 Be6 31.Rd3 Qb6 32.R1d2 Bc4 33.Rf3 Bxb5 34.Bxf5 gxf5 35.axb5 Rxd6 36.Rxd6 Qxd6
37.Qxa5 Kg6 38.Qc3 Qd5 39.Qb3 Qxb3 40.Rxb3 Rd2 41.Kg2 e4 42.b6 f4 43.gxf4 Kf5
44.Kf1 Kxf4 45.Ke1 Rc2 46.Rb5 Kg4 47.Rb4 f5 48.Rb5 f4 49.b4 Rc4  0-1

[Event "XV Lasker Mem Open A"]
[Site "Barlinek POL"]
[Date "2007.06.08"]
[Round "8"]
[White "Shaw,Ten"]
[Black "Kowalska,S"]
[Result "1/2-1/2"]
[WhiteElo "2164"]
[BlackElo "1878"]

1.c4 e5 2.g3 Nc6 3.Bg2 f5 4.Nc3 Nf6 5.e3 d5 6.cxd5 Nb4 7.d3 Nbxd5 8.Nxd5 Nxd5
9.a3 c6 10.Ne2 Bd6 11.O-O Nf6 12.e4 fxe4 13.dxe4 Qe7 14.h3 O-O 15.Be3 Be6
16.Qc2 a5 17.Nc3 Bc5 18.Nd5 cxd5 19.Qxc5 Qxc5 20.Bxc5 Rfd8 21.exd5 Bxd5 22.Rfd1 Bxg2
23.Kxg2 Nd5 24.Kf3 Rac8 25.Rac1 Kf7 26.Be3 Ke6 27.Bg5 Rf8+ 28.Ke2 h6 29.Be3 Rfd8
30.a4 Nxe3 31.Kxe3 Rxd1 32.Rxc8 Rb1 33.Rc5 Rxb2 34.Rxa5 Rb3+ 35.Ke4 Rb4+  1/2-1/2

[Event "TCh-BIH"]
[Site "Vogosca BIH"]
[Date "2007.06.08"]
[Round "7"]
[White "Ruck,R"]
[Black "Sedlak,N"]
[Result "1/2-1/2"]
[WhiteElo "2534"]
[BlackElo "2575"]

1.c4 e5 2.g3 Nc6 3.Bg2 Bc5 4.Nc3 a6 5.e3 d6 6.Nge2 Ba7 7.Nd5 Nce7 8.d4 c6
9.Ndc3 exd4 10.Nxd4 Nf6 11.O-O O-O 12.b3 Bg4 13.Qd2 Qd7 14.Bb2 Bh3 15.Rfd1 Rad8
16.Qc2 Ng6 17.Ne4 Nxe4 18.Qxe4 Bxg2 19.Kxg2 Rfe8 20.Qf5 Qe7 21.Qh5 f6  1/2-1/2

[Event "29th Mem Nezhmetdinov"]
[Site "Kazan RUS"]
[Date "2007.06.09"]
[Round "9"]
[White "Pushkin,E"]
[Black "Konovalov,Vi"]
[Result "1-0"]
[WhiteElo "2177"]
[BlackElo "2069"]

1.c4 e5 2.g3 Nf6 3.Bg2 c6 4.Nf3 Qc7 5.d4 e4 6.Nfd2 d5 7.O-O Be6 8.Nc3 Qd7
9.cxd5 cxd5 10.Nb3 Nc6 11.Bg5 b6 12.a4 Be7 13.a5 O-O 14.Na4 Rab8 15.Bf4 Bd6
16.axb6 axb6 17.Bg5 Nb4 18.Nc3 Bh3 19.Qd2 Bxg2 20.Kxg2 Nh5 21.f3 f5 22.fxe4 dxe4
23.e3 h6 24.Bf4 Nxf4+ 25.gxf4 Qf7 26.Nc1 Ra8 27.N1e2 Nd3 28.Ng3 g6 29.Qc2 Qc4
30.Ra4 Rxa4 31.Qxa4 Nxb2 32.Qxc4+ Nxc4 33.Kf2 Bb4 34.Nge2 Nb2 35.Rb1 Nd3+
36.Kg3 Rd8 37.Na4 Ra8 38.Nac3 g5 39.fxg5 hxg5 40.Nd5 Bd6+ 41.Kg2 Ra2 42.Kf1 Bxh2
43.Ne7+ Kf7 44.Nxf5 Ra6 45.Nfg3 b5 46.Nxe4 b4 47.Nxg5+ Kg6 48.Nf3 Rf6 49.Kg2 Bd6
50.Rb3 Nc5 51.dxc5 Bxc5 52.Ned4 Ra6 53.Ne5+ Kf6 54.Nd7+  1-0